[Event "Frankfurt Ch A 2017"]
[Site "Ffm-Höchst, BiKuZ"]
[Date "2017.06.12"]
[Round "7.30"]
[White "Dohmes, Swidbert"]
[Black "Menning, Uwe"]
[Result "0-1"]
[WhiteElo "1581"]
[BlackElo "1795"]
[PlyCount "136"]
[EventDate "2017.??.??"]
[WhiteTeam "SV Hofheim"]
[BlackTeam "FC Bierstadt"]

1. e4 c6 2. d4 d5 3. exd5 cxd5 4. c4 dxc4 5. Bxc4 e6 6. Nf3 Nf6 7. Nc3 Be7 8.
O-O O-O 9. Be3 Nbd7 10. d5 Nb6 11. Bxb6 Qxb6 12. dxe6 Bxe6 13. Bxe6 Qxe6 14.
Re1 Qd6 15. Qxd6 Bxd6 16. Rad1 Bb4 17. Re3 Rfd8 18. Red3 Rxd3 19. Rxd3 Rc8 20.
Kf1 Bxc3 21. Rxc3 Rxc3 22. bxc3 Ne4 23. c4 Kf8 24. Ke1 Ke7 25. Nd2 Nc3 26. a3
Kd6 27. Nb3 b6 28. f3 Nb1 29. a4 Na3 30. a5 Nxc4 31. axb6 axb6 32. Ke2 Kd5 33.
Kd3 Nb2+ 34. Kc2 Na4 35. Nd2 Kd4 36. Nf1 Nc5 37. Kd2 b5 38. Ng3 g6 39. Ne2+ Kc4
40. Nc3 b4 41. Nd1 Nb3+ 42. Kc2 Nc5 43. Nb2+ Kd4 44. Nd1 b3+ 45. Kd2 Na4 46.
Nf2 b2 47. Kc2 f5 48. Nd1 h6 49. h4 Ke5 50. g3 Kd4 51. g4 fxg4 52. fxg4 b1=Q+
53. Kxb1 Nc3+ 54. Kc2 Nxd1 55. Kxd1 Ke4 56. Ke2 Kf4 57. g5 h5 58. Kf2 Kg4 59.
Ke2 Kh3 60. Kf3 Kxh4 61. Kf4 Kh3 62. Kf3 h4 63. Kf4 Kg2 64. Ke5 h3 65. Kf6 h2
66. Kxg6 h1=Q 67. Kg7 Qa1+ 68. Kf7 Qa2+ 0-1

[Event "Frankfurt Ch A 2017"]
[Site "Ffm-Höchst, BiKuZ"]
[Date "2017.06.12"]
[Round "7.32"]
[White "Senatov, Boris"]
[Black "Worzelberger, Armin"]
[Result "1-0"]
[WhiteElo "1558"]
[BlackElo "1770"]
[PlyCount "55"]
[EventDate "2017.??.??"]
[WhiteTeam "SC Heusenstamm"]
[BlackTeam "SC Grunbach"]

1. e4 d6 2. d4 f5 3. Nc3 Nf6 4. Bd3 Nc6 5. Nf3 e5 6. dxe5 Nxe5 7. Nxe5 dxe5 8.
exf5 Bb4 9. Bd2 O-O 10. O-O c6 11. Re1 Qc7 12. Qe2 Re8 13. g4 Bd6 14. Ne4 b6
15. g5 Nd5 16. Nxd6 Qxd6 17. Qe4 Qf8 18. f6 g6 19. c4 Bf5 20. Qf3 Bxd3 21. Qxd3
Nc7 22. Qd7 Rad8 23. Qxc7 Rxd2 24. Rxe5 Rxe5 25. Qxe5 Qc8 26. f7+ Kxf7 27. Qf4+
Qf5 28. Qxd2 1-0

[Event "Frankfurt Ch A 2017"]
[Site "Ffm-Höchst, BiKuZ"]
[Date "2017.06.12"]
[Round "7.33"]
[White "Weiland, Thomas"]
[Black "Krischak, Werner"]
[Result "0-1"]
[WhiteElo "1767"]
[BlackElo "1719"]
[PlyCount "88"]
[EventDate "2017.??.??"]
[WhiteTeam "SV Oberursel"]
[BlackTeam "SK Marburg"]

1. e4 c6 2. d4 d5 3. e5 Bf5 4. Nf3 e6 5. Be2 h6 6. O-O Nd7 7. Be3 Qc7 8. Nbd2
Ne7 9. Rc1 Nc8 10. c4 dxc4 11. Nxc4 Ncb6 12. Nh4 Be4 13. b3 Be7 14. Nf3 Nd5 15.
Bd2 Nb4 16. a3 Nd5 17. b4 b6 18. Qb3 O-O 19. Ne1 Rab8 20. Qg3 Kh7 21. Bd3 Bxd3
22. Nxd3 f5 23. f4 Rg8 24. Ne3 Qb7 25. Nxd5 cxd5 26. Rc3 Rbc8 27. Rfc1 Rxc3 28.
Rxc3 Rc8 29. Ne1 Rc4 30. Qd3 b5 31. Nc2 Qc6 32. Ne3 Rxc3 33. Bxc3 g6 34. g4 Nb6
35. gxf5 gxf5 36. Bd2 Nc4 37. Be1 Qa6 38. Nc2 Qc8 39. Kh1 a6 40. Bf2 Nb2 41.
Qd2 Qc4 42. Kg2 Qb3 43. Be1 Nc4 44. Qc3 Qxc2+ 0-1

[Event "Frankfurt Ch A 2017"]
[Site "Ffm-Höchst, BiKuZ"]
[Date "2017.06.12"]
[Round "7.34"]
[White "Bernhardt, Winfried"]
[Black "Diehl, Stefan"]
[Result "0-1"]
[WhiteElo "1458"]
[BlackElo "1749"]
[PlyCount "112"]
[EventDate "2017.??.??"]
[WhiteTeam "SV Nauheim"]
[BlackTeam "SC Höchst"]

1. e4 d5 2. exd5 Qxd5 3. Nc3 Qa5 4. d4 Nf6 5. Bd2 Bf5 6. Nb5 Qb6 7. c4 c6 8. c5
Qd8 9. Nc3 Qxd4 10. Be3 Qxd1+ 11. Rxd1 Nbd7 12. b4 e6 13. f3 Nd5 14. Nxd5 exd5
15. g4 Be6 16. Ne2 Be7 17. Nd4 O-O 18. Bg2 a5 19. a3 axb4 20. axb4 Ra3 21. Bf2
Bf6 22. O-O Ne5 23. h3 Nd3 24. Nxe6 fxe6 25. Bg3 Nxb4 26. Rb1 Bd4+ 27. Bf2
Bxf2+ 28. Rxf2 Nd3 29. Rc2 Rf7 30. Kh2 Ra5 31. Rb3 Nxc5 32. Re3 Re7 33. f4 Nd7
34. Rb3 Nf6 35. Re2 Kf7 36. f5 exf5 37. Rxe7+ Kxe7 38. Rxb7+ Ke6 39. gxf5+ Kxf5
40. Rxg7 Rc5 41. Bf1 Rc2+ 42. Kg1 Rc3 43. Kh2 d4 44. Rg2 Kf4 45. Rd2 c5 46.
Rf2+ Rf3 47. Kg2 Rxf2+ 48. Kxf2 Ne4+ 49. Ke1 Ke3 50. Bc4 d3 51. Bb3 d2+ 52. Kf1
Nf2 53. h4 d1=Q+ 54. Bxd1 Nxd1 55. Ke1 Nb2 56. h5 c4 0-1

[Event "Frankfurt Ch A 2017"]
[Site "Ffm-Höchst, BiKuZ"]
[Date "2017.06.12"]
[Round "7.36"]
[White "Ackermann, Robert"]
[Black "Rutsatz, Mario"]
[Result "1/2-1/2"]
[WhiteElo "1683"]
[BlackElo "1943"]
[PlyCount "22"]
[EventDate "2017.??.??"]
[WhiteTeam "SC Bad Soden"]
[BlackTeam "SF Frankfurt"]

1. d4 Nf6 2. Nf3 g6 3. Bf4 c5 4. e3 Bg7 5. Be2 Qb6 6. Nc3 Qxb2 7. Nb5 Na6 8.
Rb1 Qxa2 9. Ra1 Qb2 10. Rb1 Qa2 11. Ra1 Qb2 1/2-1/2

[Event "Frankfurt Ch A 2017"]
[Site "Ffm-Höchst, BiKuZ"]
[Date "2017.06.12"]
[Round "7.37"]
[White "Zeyen, Helmut"]
[Black "Stock, Jürgen"]
[Result "0-1"]
[WhiteElo "1682"]
[BlackElo "1831"]
[PlyCount "120"]
[EventDate "2017.??.??"]
[WhiteTeam "Wiesbadener SV"]
[BlackTeam "SC Eschborn"]

1. e4 b6 2. Bc4 Bb7 3. d3 e6 4. Nc3 f5 5. Nf3 fxe4 6. dxe4 Bb4 7. Bd2 Nf6 8.
Qe2 O-O 9. Bd3 d6 10. a3 Bxc3 11. Bxc3 e5 12. O-O-O Nbd7 13. Ng5 Qe8 14. f3 Nh5
15. Nh3 Nc5 16. Bc4+ Kh8 17. Bd2 Ne6 18. Bxe6 Qxe6 19. Kb1 a5 20. Ng5 Qe7 21.
Qc4 Bc8 22. Qe2 h6 23. g4 Nf6 24. h4 Qd7 25. Nh3 Qf7 26. h5 Bd7 27. Qg2 b5 28.
Nf2 b4 29. g5 Ng8 30. gxh6 gxh6 31. Rdg1 bxa3 32. Qg6 Rab8 33. Bc3 axb2 34. Nd3
Rb5 35. f4 Qxg6 36. Rxg6 Be8 37. Rg2 Nf6 38. fxe5 Nxe4 39. Bxb2 Bc6 40. exd6+
Rxb2+ 41. Kxb2 Nxd6 42. Rhg1 Bxg2 43. Rxg2 Rf5 44. Re2 Rxh5 45. Re7 Rb5+ 46.
Kc3 Rb6 47. Nf2 Rc6+ 48. Kb3 Nf5 49. Re8+ Kg7 50. c3 h5 51. Re5 a4+ 52. Kxa4
Kf6 53. Re8 Nd6 54. Rf8+ Kg7 55. Rf3 Rb6 56. Rg3+ Kf6 57. Rh3 Kg5 58. Rg3+ Kf4
59. Rh3 Kg5 60. Rg3+ Kh6 0-1

[Event "Frankfurt Ch A 2017"]
[Site "Ffm-Höchst, BiKuZ"]
[Date "2017.06.12"]
[Round "7.38"]
[White "Stricker, Konstantin"]
[Black "Gutacker, Stephan"]
[Result "0-1"]
[WhiteElo "1660"]
[BlackElo "1825"]
[PlyCount "102"]
[EventDate "2017.??.??"]
[WhiteTeam "SC Eschbach"]
[BlackTeam "Sfr. Kelkheim"]

1. e4 e5 2. Nf3 Nc6 3. Bb5 a6 4. Ba4 Nf6 5. O-O b5 6. Bb3 Bc5 7. d3 d6 8. h3
Na5 9. c3 Nxb3 10. Qxb3 Be6 11. Qc2 h6 12. Nbd2 O-O 13. Re1 Qc8 14. Nf1 Nh5 15.
d4 exd4 16. cxd4 Bb6 17. Be3 f5 18. d5 fxe4 19. Qxe4 Bf5 20. Qh4 Bxe3 21. Nxe3
Bg6 22. Qd4 Rf4 23. Qd1 Qf8 24. Nf1 Qf7 25. N1h2 Be4 26. Re3 Bxd5 27. Re7 Bxf3
28. Nxf3 Qxe7 29. Qd5+ Kh7 30. Qxa8 Ra4 31. Re1 Qf7 32. a3 Nf6 33. Qc6 Qc4 34.
Qa8 Qc2 35. Qc8 a5 36. Re7 Qc1+ 37. Re1 Qc2 38. Re7 Rc4 39. Qf8 Qc1+ 40. Re1
Qf4 41. Re7 Rc1+ 42. Ne1 Qg5 43. f4 Qg3 44. Kf1 Qxf4+ 45. Kg1 Qg3 46. Kf1 Qg5
47. h4 Qg4 48. Qxf6 Qc4+ 49. Kf2 Qg4 50. Qf3 Qxh4+ 51. g3 Qxe7 0-1

[Event "Frankfurt Ch A 2017"]
[Site "Ffm-Höchst, BiKuZ"]
[Date "2017.06.12"]
[Round "7.39"]
[White "Bergner, Matthias"]
[Black "Kautz, Thomas"]
[Result "0-1"]
[WhiteElo "1577"]
[BlackElo "1760"]
[PlyCount "62"]
[EventDate "2017.??.??"]
[WhiteTeam "SV Neu-Isenburg"]
[BlackTeam "SK Niederbrechen"]

1. d4 g6 2. Nf3 Bg7 3. g3 Nf6 4. Bg2 O-O 5. O-O d5 6. Nbd2 b6 7. Ne5 Bb7 8. b3
Nfd7 9. f4 c5 10. c3 f6 11. Nxd7 Nxd7 12. e3 e5 13. dxe5 fxe5 14. Bb2 Qc7 15.
Nf3 Rad8 16. Ng5 Qd6 17. c4 h6 18. Nf3 d4 19. Nxe5 Bxg2 20. Nxd7 Bxf1 21. Nxf8
Bh3 22. Nxg6 Qxg6 23. exd4 Qe4 24. Qd2 Bxd4+ 25. Bxd4 Qxd4+ 26. Qxd4 Rxd4 27.
a4 Rd2 28. Re1 Kf7 29. Re3 Rg2+ 30. Kh1 Rf2 31. Kg1 Rf1# 0-1

[Event "Frankfurt Ch A 2017"]
[Site "Ffm-Höchst, BiKuZ"]
[Date "2017.06.12"]
[Round "7.40"]
[White "Benikhis, Avram"]
[Black "Rauscher, Joachim"]
[Result "1-0"]
[WhiteElo "1743"]
[BlackElo "1666"]
[PlyCount "49"]
[EventDate "2017.??.??"]
[WhiteTeam "SC Eschbach"]
[BlackTeam "SC Brett vorm Kopp"]

1. e4 c5 2. Nf3 d6 3. d4 cxd4 4. Nxd4 Nf6 5. Nc3 g6 6. Be3 Bg7 7. f3 O-O 8. Qd2
Nc6 9. O-O-O Nxd4 10. Bxd4 Be6 11. Kb1 Qc7 12. g4 Rfc8 13. h4 Qa5 14. a3 Rab8
15. Qf4 Qc7 16. Bd3 a6 17. e5 Ne8 18. exd6 Nxd6 19. Bxg7 Kxg7 20. h5 h6 21.
Qe5+ Kg8 22. hxg6 Qc5 23. gxf7+ Bxf7 24. Qxe7 Rc7 25. Qf6 1-0

[Event "Frankfurt Ch A 2017"]
[Site "Ffm-Höchst, BiKuZ"]
[Date "2017.06.12"]
[Round "7.41"]
[White "Illenberger, Dirk"]
[Black "Mügendt, Brian Christopher"]
[Result "1-0"]
[WhiteElo "1737"]
[BlackElo "1621"]
[PlyCount "83"]
[EventDate "2017.??.??"]
[WhiteTeam "FV Berkersheim"]
[BlackTeam "SC Heusenstamm"]

1. e4 c5 2. Nc3 Nc6 3. Bb5 Nd4 4. Bc4 g6 5. Nge2 Bg7 6. d3 e6 7. Nxd4 cxd4 8.
Ne2 Ne7 9. O-O Nc6 10. f4 d6 11. Kh1 O-O 12. Ng1 d5 13. exd5 exd5 14. Bb3 Re8
15. Qf3 Be6 16. Bd2 Na5 17. Ba4 Re7 18. Bb4 Rd7 19. Bxd7 Bxd7 20. Qxd5 Nc6 21.
Ba3 Qc8 22. Nf3 Be6 23. Qe4 b5 24. Bc5 Qa6 25. Nxd4 Nxd4 26. Bxd4 Rd8 27. Bxg7
Kxg7 28. Rfe1 Bd5 29. Qe5+ Kg8 30. Qg5 f6 31. Qg3 Bxa2 32. b3 b4 33. Qf3 Qa3
34. Qe4 Qb2 35. Qe6+ Kh8 36. Rxa2 Qxa2 37. Qxf6+ Kg8 38. Qxd8+ Kg7 39. Qe7+ Kh6
40. Qg5+ Kg7 41. Re7+ Kg8 42. Qd5+ 1-0

[Event "Frankfurt Ch A 2017"]
[Site "Ffm-Höchst, BiKuZ"]
[Date "2017.06.12"]
[Round "7.42"]
[White "Lanz, Jürgen"]
[Black "Merten, Rainer"]
[Result "1/2-1/2"]
[WhiteElo "1560"]
[BlackElo "1709"]
[PlyCount "39"]
[EventDate "2017.??.??"]
[WhiteTeam "SC Hattersheim"]
[BlackTeam "SV Frankfurt Nord"]

1. d4 d5 2. c4 c6 3. cxd5 cxd5 4. Nc3 Nf6 5. Bf4 e6 6. e3 a6 7. Bd3 Be7 8. a4
Nc6 9. Nf3 O-O 10. O-O Nh5 11. Bg3 f5 12. Be5 Qe8 13. Ne2 Bd7 14. Bc7 Rc8 15.
Bb6 Nb4 16. Ne5 Nf6 17. b3 Bd6 18. Qd2 Ng4 19. f4 Nf6 20. Ng3 1/2-1/2

[Event "Frankfurt Ch A 2017"]
[Site "Ffm-Höchst, BiKuZ"]
[Date "2017.06.12"]
[Round "7.44"]
[White "Adair, Robin"]
[Black "Hagel, Stephan"]
[Result "1-0"]
[WhiteElo "1685"]
[BlackElo "1570"]
[PlyCount "53"]
[EventDate "2017.??.??"]
[WhiteTeam "SC Nidderau"]
[BlackTeam "SK Hungen"]

1. c4 Nf6 2. g3 e5 3. Bg2 Nc6 4. Nc3 Bb4 5. d3 O-O 6. e4 d6 7. Nge2 Re8 8. h3
Be6 9. O-O Qd7 10. Kh2 Bc5 11. Bg5 Qe7 12. Qd2 h6 13. Bxf6 Qxf6 14. f4 Qe7 15.
f5 Bd7 16. Nd5 Qd8 17. f6 Be6 18. fxg7 Kxg7 19. Rf6 Bxd5 20. Qxh6+ Kg8 21. exd5
Nd4 22. Be4 Qxf6 23. Qxf6 Nxe2 24. Rf1 Rf8 25. Qg5+ Kh8 26. Qh6+ Kg8 27. Qh7#
1-0

[Event "Frankfurt Ch A 2017"]
[Site "Ffm-Höchst, BiKuZ"]
[Date "2017.06.12"]
[Round "7.45"]
[White "Winter, Olaf"]
[Black "Henrich, Frederik"]
[Result "1-0"]
[WhiteElo "1597"]
[BlackElo "1693"]
[PlyCount "95"]
[EventDate "2017.??.??"]
[WhiteTeam "SK Bad Homburg"]
[BlackTeam "SV Hofheim"]

1. c4 e5 2. Nc3 Nc6 3. g3 g6 4. Bg2 Bg7 5. a3 Nf6 6. e3 d6 7. Nge2 Be6 8. d3
O-O 9. b4 Qc8 10. h3 Ne7 11. Bb2 c6 12. Rc1 Qd7 13. Qd2 Rfc8 14. g4 h6 15. O-O
Nh7 16. Ng3 f5 17. f3 d5 18. Na4 b6 19. c5 b5 20. Nc3 a5 21. bxa5 d4 22. exd4
Qxd4+ 23. Kh1 Qxc5 24. Na4 Qd6 25. Nb6 Qd8 26. Nxa8 Rxa8 27. Rfe1 Qxa5 28. Qxa5
Rxa5 29. Bxe5 Bxe5 30. Rxe5 Kf7 31. Rc3 Nf6 32. gxf5 gxf5 33. Rc1 Nd7 34. Re2
Rxa3 35. Rce1 Nf8 36. Bf1 b4 37. Nh5 Nd5 38. Rg2 b3 39. Rg7+ Ke8 40. Rb7 Nc3
41. Ng7+ Kd8 42. Nxe6+ Nxe6 43. Rxe6 Nb5 44. Rxh6 Nd6 45. Rxd6+ Kc8 46. Rb6 Kc7
47. Rdxc6+ Kd7 48. Rc1 1-0

[Event "Frankfurt Ch A 2017"]
[Site "Ffm-Höchst, BiKuZ"]
[Date "2017.06.12"]
[Round "7.46"]
[White "Fischer, Lutz"]
[Black "Lehmann, Gerit"]
[Result "1-0"]
[WhiteElo "1609"]
[BlackElo "1568"]
[PlyCount "83"]
[EventDate "2017.??.??"]
[WhiteTeam "SF Frankfurt"]
[BlackTeam "SF Frankfurt"]

1. e4 d5 2. exd5 Nf6 3. d4 Nxd5 4. c4 Nf6 5. Nf3 Bf5 6. Nc3 e6 7. Be2 c6 8. O-O
Be7 9. a3 O-O 10. Nh4 a5 11. Nxf5 exf5 12. Be3 Na6 13. Qc2 g6 14. Rad1 Qc7 15.
h3 Rfd8 16. Rd3 Rd7 17. Rfd1 Rad8 18. Bf3 Bd6 19. Bg5 Kg7 20. Qc1 Re8 21. c5
Be7 22. Bf4 Qc8 23. Na4 Bd8 24. Be5 Bc7 25. Bxc7 Qxc7 26. Nb6 Rde7 27. Qc3 Kg8
28. Qxa5 Nd7 29. Nc4 Qxa5 30. Nxa5 Nf6 31. Rb3 Re1+ 32. Rxe1 Rxe1+ 33. Kh2 Ne4
34. Bxe4 Rxe4 35. Rxb7 Rxd4 36. Nxc6 Rd2 37. Ne7+ Kf8 38. c6 Rc2 39. b4 Rxf2
40. c7 Nxc7 41. Rxc7 Ra2 42. Ra7 1-0

[Event "Frankfurt Ch A 2017"]
[Site "Ffm-Höchst, BiKuZ"]
[Date "2017.06.12"]
[Round "7.47"]
[White "Pabel, Ralph"]
[Black "Breitbach, Stephan"]
[Result "0-1"]
[WhiteElo "1885"]
[BlackElo "1503"]
[PlyCount "66"]
[EventDate "2017.??.??"]
[WhiteTeam "SK Mainaschaff"]
[BlackTeam "SC Landskrone"]

1. Nf3 d5 2. d4 e6 3. c4 Nf6 4. cxd5 exd5 5. Nc3 Be7 6. Bg5 Be6 7. Qb3 b6 8. e3
O-O 9. Rc1 c5 10. Be2 Nc6 11. O-O c4 12. Qa4 Na5 13. Ne5 a6 14. Qc2 b5 15. a3
Qc7 16. Bf3 Rfd8 17. Rcd1 Qc8 18. e4 dxe4 19. Nxe4 Bd5 20. Bxf6 Bxf6 21. Nxf6+
gxf6 22. Bxd5 Rxd5 23. Nf3 Qg4 24. Rfe1 Qg6 25. Qe2 Nc6 26. Qe3 Kh8 27. h3 Rg8
28. g3 Qf5 29. Kg2 Nd8 30. Nh4 Qg5 31. Qe4 Ne6 32. Nf3 Qg6 33. Qxd5 Nf4+ 0-1

[Event "Frankfurt Ch A 2017"]
[Site "Ffm-Höchst, BiKuZ"]
[Date "2017.06.12"]
[Round "7.48"]
[White "Lopez, Victor"]
[Black "Schellen, Sven"]
[Result "1-0"]
[WhiteElo "1526"]
[BlackElo "1801"]
[PlyCount "39"]
[EventDate "2017.??.??"]
[WhiteTeam "SC Höchst"]
[BlackTeam "SF Frankfurt"]

1. e4 e5 2. Nf3 Nc6 3. Bc4 Nf6 4. Nc3 Bb4 5. d3 O-O 6. O-O h6 7. a3 Ba5 8. b4
Bb6 9. Na4 d5 10. Nxb6 axb6 11. exd5 Nxd5 12. Bb2 Bg4 13. h3 Bh5 14. g4 Nf4 15.
Kh2 Qc8 16. Nxe5 Re8 17. Qf3 Nxe5 18. Bxe5 b5 19. Qxf4 Bxg4 20. Qxf7+ 1-0

[Event "Frankfurt Ch A 2017"]
[Site "Ffm-Höchst, BiKuZ"]
[Date "2017.06.12"]
[Round "7.49"]
[White "Gude, Michael"]
[Black "John, Volkmar"]
[Result "1-0"]
[WhiteElo "1520"]
[BlackElo "1673"]
[PlyCount "99"]
[EventDate "2017.??.??"]
[WhiteTeam "SF Fürth"]
[BlackTeam "SK Herborn"]

1. e4 c6 2. d4 d5 3. e5 Bf5 4. Nf3 e6 5. Be2 h6 6. Nbd2 Qb6 7. O-O c5 8. c3 Nc6
9. dxc5 Bxc5 10. Nb3 Be7 11. Be3 Qc7 12. Re1 O-O-O 13. Nbd4 Bg4 14. Nxc6 bxc6
15. Qa4 Bxf3 16. Bxf3 a5 17. b4 axb4 18. cxb4 Kd7 19. b5 Rb8 20. bxc6+ Qxc6 21.
Qxc6+ Kxc6 22. Rec1+ Kd7 23. Bd1 Ke8 24. Kf1 f6 25. f4 fxe5 26. fxe5 Bg5 27.
Ba4+ Kf7 28. Bxg5 hxg5 29. h3 Ne7 30. Rab1 Rxb1 31. Rxb1 Rh4 32. Bc2 Rc4 33.
Bd3 Rc3 34. Ke2 Ra3 35. Rb2 Nc6 36. Bb1 Nxe5 37. Rb7+ Kf6 38. Rb3 Rxb3 39. axb3
Nc6 40. Kd3 Ke5 41. Kc3 Kf4 42. b4 Ke3 43. b5 d4+ 44. Kc4 Na5+ 45. Kc5 d3 46.
b6 Nb3+ 47. Kd6 Nd4 48. Bxd3 Kxd3 49. b7 e5 50. b8=Q 1-0

[Event "Frankfurt Ch A 2017"]
[Site "Ffm-Höchst, BiKuZ"]
[Date "2017.06.12"]
[Round "7.50"]
[White "Friedel, Thomas"]
[Black "Thede, Stefan"]
[Result "1/2-1/2"]
[WhiteElo "1481"]
[BlackElo "1649"]
[PlyCount "46"]
[EventDate "2017.??.??"]
[WhiteTeam "SV Groß-Gerau"]
[BlackTeam "SV Frankfurt Nord"]

1. e4 d6 2. d4 Nf6 3. Nc3 g6 4. f4 Bg7 5. Nf3 O-O 6. Bd3 c6 7. O-O Qc7 8. h3
Nbd7 9. e5 Nd5 10. Nxd5 cxd5 11. c3 Nb6 12. Qe2 Be6 13. Ng5 Qc8 14. Qf2 Bf5 15.
Qc2 Bxd3 16. Qxd3 f6 17. Nf3 dxe5 18. fxe5 Qc4 19. Qxc4 dxc4 20. exf6 exf6 21.
Bd2 Nd5 22. Rfe1 Rfe8 23. Kf2 Kf7 1/2-1/2

[Event "Frankfurt Ch A 2017"]
[Site "Ffm-Höchst, BiKuZ"]
[Date "2017.06.12"]
[Round "7.51"]
[White "Hofmann, Werner"]
[Black "Ketting, Douwe"]
[Result "1-0"]
[WhiteElo "1590"]
[BlackElo "1452"]
[PlyCount "53"]
[EventDate "2017.??.??"]
[WhiteTeam "SV Kelsterbach"]
[BlackTeam "SC Somborn"]

1. d4 Nf6 2. e3 g6 3. Bd3 Bg7 4. f4 d5 5. Nd2 c5 6. c3 cxd4 7. cxd4 Ng4 8. Nb3
Nc6 9. Nf3 f5 10. O-O Nf6 11. Bd2 O-O 12. Be1 a5 13. a4 Qb6 14. Bb5 Na7 15.
Bxa5 Qd6 16. Bd3 Nc6 17. Bc3 Bd7 18. Nc5 Bc8 19. Ne5 Ne4 20. Nxe4 fxe4 21. Bb5
Na7 22. Be2 Qb6 23. Qd2 Nc6 24. a5 Qc7 25. Rfc1 Nxe5 26. dxe5 e6 27. Bb4 1-0

[Event "Frankfurt Ch A 2017"]
[Site "Ffm-Höchst, BiKuZ"]
[Date "2017.06.12"]
[Round "7.52"]
[White "Benninger, Rudolf"]
[Black "Fritsch, Reinhold"]
[Result "0-1"]
[WhiteElo "1958"]
[BlackElo "1476"]
[PlyCount "61"]
[EventDate "2017.??.??"]
[WhiteTeam "SC Heusenstamm"]
[BlackTeam "SC Somborn"]

1. e4 d6 2. d4 Nf6 3. Nc3 g6 4. f4 Bg7 5. Nf3 O-O 6. Be3 c6 7. Bd3 b5 8. Qd2 a5
9. h3 a4 10. a3 Qa5 11. O-O Qc7 12. e5 dxe5 13. fxe5 Nh5 14. Ne2 Bh8 15. Bh6
Ng7 16. Qg5 Ne6 17. Qh4 Bg7 18. Nf4 Nxf4 19. Bxf4 Qd8 20. Rae1 Be6 21. Kh1 Bd5
22. Nh2 Be6 23. Bg5 Ra7 24. Nf3 Rd7 25. Bh6 Bd5 26. Ng5 Bxg2+ 27. Kxg2 Rxd4 28.
Re4 Rxe4 29. Nxe4 Qd5 30. Bxg7 Kxg7 31. Qxe7 0-1

[Event "Frankfurt Ch A 2017"]
[Site "Ffm-Höchst, BiKuZ"]
[Date "2017.06.12"]
[Round "7.53"]
[White "Leichum, Engelbert"]
[Black "Urbach, Jens"]
[Result "1/2-1/2"]
[WhiteElo "1688"]
[BlackElo "1407"]
[PlyCount "93"]
[EventDate "2017.??.??"]
[WhiteTeam "vereinslos"]
[BlackTeam "SF Frankfurt"]

1. e4 e6 2. d4 d5 3. e5 c5 4. c3 cxd4 5. cxd4 Bb4+ 6. Nc3 Nc6 7. Nf3 h6 8. Bd3
Nge7 9. O-O O-O 10. Nh4 f5 11. Ne2 Qe8 12. f4 Ng6 13. Nxg6 Qxg6 14. Be3 Be7 15.
Rf3 Qh7 16. Rh3 Bd7 17. g4 Qg6 18. Rg3 Qf7 19. Kh1 Kh8 20. Qg1 Rg8 21. g5 Nb4
22. Bb1 Qh5 23. Qg2 Bb5 24. Nc3 Bd3 25. Rh3 Qg4 26. Qxg4 fxg4 27. Rh4 Nc2 28.
Bxc2 Bxc2 29. Rxg4 Bf5 30. Rh4 a6 31. Rg1 b5 32. b4 a5 33. Nxb5 Be4+ 34. Rg2
Bxg2+ 35. Kxg2 axb4 36. Kf3 Rxa2 37. Rh3 b3 38. Nc3 b2 39. gxh6 Ra1 40. hxg7+
Kxg7 41. f5 b1=Q 42. Nxb1 Rxb1 43. Rg3+ Kh7 44. Rh3+ Kg7 45. Rg3+ Kh7 46. Rh3+
Kg7 47. Rg3+ 1/2-1/2

[Event "Frankfurt Ch A 2017"]
[Site "Ffm-Höchst, BiKuZ"]
[Date "2017.06.12"]
[Round "7.55"]
[White "Wich, Manuela"]
[Black "Popp, Matthias"]
[Result "1/2-1/2"]
[WhiteElo "1494"]
[BlackElo "1533"]
[PlyCount "82"]
[EventDate "2017.??.??"]
[WhiteTeam "Niederräder TG"]
[BlackTeam "SC Bergen-Enkheim"]

1. e4 c5 2. Nf3 Nc6 3. Bb5 a6 4. Bxc6 bxc6 5. Nc3 d6 6. O-O e5 7. d3 Nf6 8. Bg5
Be7 9. h3 O-O 10. Qd2 Nh5 11. Ne2 f6 12. Be3 f5 13. exf5 Rxf5 14. Nh2 Bg5 15.
g4 Bxe3 16. Qxe3 Qg5 17. Kh1 Nf4 18. Nxf4 Rxf4 19. Qg3 Be6 20. c4 Raf8 21. f3
Qg6 22. Rad1 Rd4 23. b3 Rxd3 24. Qe1 Rxd1 25. Qxd1 Bc8 26. Rf2 Bb7 27. Kg1 Qh6
28. Qd2 Qxd2 29. Rxd2 Rf6 30. Nf1 d5 31. Kg2 Kf7 32. Ng3 g6 33. Ne2 Ke6 34. Nc3
Rf4 35. Ne2 Rf7 36. Kg3 Kd6 37. Nc3 h6 38. Ne4+ Kc7 39. Nxc5 Bc8 40. cxd5 cxd5
41. b4 Kc6 1/2-1/2

[Event "Frankfurt Ch A 2017"]
[Site "Ffm-Höchst, BiKuZ"]
[Date "2017.06.12"]
[Round "7.56"]
[White "Panosch, Walter"]
[Black "Richter, Wolfram"]
[Result "1/2-1/2"]
[WhiteElo "1456"]
[BlackElo "1531"]
[PlyCount "106"]
[EventDate "2017.??.??"]
[WhiteTeam "SC Matt im Park"]
[BlackTeam "SK Bad Sooden-Allendorf"]

1. d4 e6 2. Nf3 Nf6 3. Bf4 c5 4. e3 Nc6 5. c3 cxd4 6. exd4 Be7 7. Bd3 a6 8. O-O
b5 9. a3 Bb7 10. Nbd2 Rc8 11. h3 O-O 12. Ng5 h6 13. Nge4 Ne8 14. Nb3 d6 15. Be3
f5 16. Bxh6 gxh6 17. Ng3 Ng7 18. f4 Qe8 19. Be2 Bh4 20. Nh5 Qg6 21. Nxg7 Qxg7
22. Bf3 Kh8 23. Qd2 d5 24. Nc5 Nd8 25. Kh1 Bg3 26. Bh5 a5 27. b4 a4 28. Qe3 Rc6
29. Rf3 Bh4 30. Rg1 Bc8 31. g4 fxg4 32. Rxg4 Qe7 33. Rg6 Rf6 34. Rg4 Rf5 35.
Bg6 Rf8 36. Qe5+ Bf6 37. Qh5 Bg7 38. Re3 Qc7 39. Re5 Nf7 40. Bxf7 Rxf7 41. Reg5
e5 42. Rxg7 Rxg7 43. Qe8+ Kh7 44. Rxg7+ Kxg7 45. fxe5 Rg6 46. e6 Kf6 47. Qf8+
Kg5 48. Qf2 h5 49. h4+ Kh6 50. Qe3+ Kh7 51. e7 Rg4 52. Qd3+ Kh6 53. Qe3+ Kh7
1/2-1/2

[Event "Frankfurt Ch A 2017"]
[Site "Ffm-Höchst, BiKuZ"]
[Date "2017.06.12"]
[Round "7.57"]
[White "Klikic, Drazen"]
[Black "Liebske, Reiner"]
[Result "1-0"]
[WhiteElo "1421"]
[BlackElo "1824"]
[PlyCount "83"]
[EventDate "2017.??.??"]
[WhiteTeam "SC Nied"]
[BlackTeam "SV Frankfurt Nord"]

1. e4 c5 2. Nf3 d6 3. d4 cxd4 4. Nxd4 Nf6 5. f3 Nc6 6. Be3 g6 7. c4 Bg7 8. Nc3
O-O 9. Be2 a6 10. O-O Bd7 11. Qd2 Rc8 12. Nd5 Ne5 13. Rac1 e6 14. Nxf6+ Bxf6
15. f4 Nc6 16. Nf3 Be7 17. Nd4 Nxd4 18. Bxd4 Bc6 19. Qe3 Bf6 20. Bxf6 Qxf6 21.
e5 dxe5 22. fxe5 Qe7 23. c5 Rfd8 24. b4 Rd7 25. Rcd1 Rcd8 26. Rd6 Qh4 27. Qf4
Qxf4 28. Rxf4 Bd5 29. a3 Kf8 30. b5 axb5 31. Bxb5 Rxd6 32. exd6 f5 33. Rb4 b6
34. c6 Rxd6 35. c7 Bb7 36. Rc4 Bc8 37. Ra4 Bb7 38. Ra7 Rd1+ 39. Kf2 Bc8 40. Ra8
Ke7 41. Rxc8 Rc1 42. Re8+ 1-0

[Event "Frankfurt Ch A 2017"]
[Site "Ffm-Höchst, BiKuZ"]
[Date "2017.06.12"]
[Round "7.58"]
[White "Hedrich, Gerd"]
[Black "Neuhaus, Joachim"]
[Result "1-0"]
[WhiteElo "1443"]
[BlackElo "1520"]
[PlyCount "117"]
[EventDate "2017.??.??"]
[WhiteTeam "Wiesbadener SV"]
[BlackTeam "SC Somborn"]

1. Nf3 d5 2. g3 Bf5 3. d4 Nf6 4. Bg2 e6 5. O-O c5 6. c3 Nc6 7. Bg5 h6 8. Bxf6
Qxf6 9. Qa4 a6 10. dxc5 Bxc5 11. b4 b5 12. Qd1 Bxb4 13. Qc1 Ba5 14. e3 Bxb1 15.
Rxb1 Qxc3 16. Rb3 Qxc1 17. Rxc1 Kd7 18. a3 Rhc8 19. Rbb1 Rc7 20. Bh3 Rac8 21.
Rd1 Ke7 22. Nd2 Ne5 23. Nb3 Bc3 24. Kg2 a5 25. Nd4 b4 26. Nb5 Rb7 27. a4 Nc4
28. Rxd5 exd5 29. Bxc8 Rc7 30. Nxc7 Na3 31. Nxd5+ Kd6 32. Rd1 Kc5 33. Bf5 g6
34. Be4 f5 35. Bf3 Nc4 36. Rc1 Bd2 37. Rb1 Ne5 38. Nf4 Kc4 39. Bd5+ Kc3 40.
Rb3+ Kc2 41. Ne6 Bc3 42. Nc5 g5 43. Be6 f4 44. Bf5+ Kd2 45. gxf4 gxf4 46. exf4
Nc6 47. Rb1 Nd4 48. Nb3+ Ke2 49. Nxd4+ Bxd4 50. Bg4+ Kd3 51. f3 Kc2 52. Bf5+
Kc3 53. Be6 Kc2 54. Rb3 Bc3 55. Kg3 Kd3 56. f5 Ke3 57. f6 Kd2 58. Rxc3 bxc3 59.
Bf5 1-0

[Event "Frankfurt Ch A 2017"]
[Site "Ffm-Höchst, BiKuZ"]
[Date "2017.06.12"]
[Round "7.59"]
[White "Lessmann, Sven"]
[Black "Koch, Thomas"]
[Result "0-1"]
[WhiteElo "1398"]
[BlackElo "1662"]
[PlyCount "44"]
[EventDate "2017.??.??"]
[WhiteTeam "SC Bad Soden"]
[BlackTeam "SV Ffm-Griesheim"]

1. d4 Nf6 2. c4 e6 3. Nc3 c5 4. e3 d5 5. Nf3 Nc6 6. a3 a5 7. b3 Be7 8. Be2 O-O
9. O-O Ne4 10. Nxe4 dxe4 11. Nd2 f5 12. Bb2 Bf6 13. Ra2 cxd4 14. exd4 Bxd4 15.
Nb1 Qf6 16. Bc1 e5 17. Bd2 Be6 18. Qc1 f4 19. Bc3 f3 20. gxf3 exf3 21. Bd3 Qh4
22. Re1 Qg4+ 0-1